000 00602nam a2200241Ia 4500
003 OSt
005 20220924132201.0
006 a|||||r|||| 00| 0
007 ta
008 220923b |||||||| |||| 00| 0 san d
024 _a34337
037 _cTextual
040 _aARTS
_cARTS
_bsan
041 _2san
_asan
082 _aO15,2DSB,1, G3
100 _aSaktibhadra
_93659
245 0 _aAscharya Cudamani
_b A drama
260 _c1933
300 _a241P.
_ccm.
650 _aSANSKRIT LITERATURE
942 _hO15,2DSB,1, G3
_cTEXL
_2CC
999 _c429548
_d429548